书目信息 |
| 题名: |
无师自通学Windows XP
|
|
| 作者: | 无师自通编委会编著 | |
| 分册: | ||
| 出版信息: | 成都 电子科技大学出版社 2007.01 |
|
| 页数: | 252页 | |
| 开本: | 26cm | |
| 丛书名: | ||
| 单 册: | ||
| 中图分类: | TP316.86 , TP316.7 | |
| 科图分类: | ||
| 主题词: | 窗口软件--基本知识 , 窗口软件 | |
| 电子资源: | ||
| ISBN: | 978-7-81114-355-3 | |
| 000 | 00895nam0 2200253 450 | |
| 001 | 003428598 | |
| 005 | 20070706103549.0 | |
| 010 | @a978-7-81114-355-3@dCNY29.00@z7-81114-355-0 | |
| 100 | @a20100913d2007 em y0chiy0110 ea | |
| 101 | 0 | @achi |
| 102 | @aCN@b510000 | |
| 105 | @ay z 000yy | |
| 200 | 1 | @a无师自通学Windows XP@Awu shi zi tong xue Windows XP@f无师自通编委会编著 |
| 210 | @a成都@c电子科技大学出版社@d2007.01 | |
| 215 | @a252页@d26cm@e1光盘 | |
| 307 | @a附光盘:ISBN 978-7-900668-68-4 | |
| 330 | @a本书主要介绍了Windows XP操作系统的方方面面,内容从初识Windows XP入手,详细介绍了Windows XP的基本操作、文件和文件夹的管理、Windows XP中的管理工具、汉字的输入等Windows XP的常用操作和知识。 | |
| 606 | 0 | @a窗口软件@x基本知识 |
| 606 | 0 | @a窗口软件 |
| 610 | 0 | @aWindows XP |
| 690 | @aTP316.86@v5 | |
| 690 | @aTP316.7@v4 | |
| 905 | @aBZT@dTP316.7@e45 | |
| 906 | @dCNY29.00@n0@r1 | |
| 无师自通学Windows XP/无师自通编委会编著.-成都:电子科技大学出版社,2007.01 |
| 252页;26cm+1光盘 |
| ISBN 978-7-81114-355-3:CNY29.00 |
| 本书主要介绍了Windows XP操作系统的方方面面,内容从初识Windows XP入手,详细介绍了Windows XP的基本操作、文件和文件夹的管理、Windows XP中的管理工具、汉字的输入等Windows XP的常用操作和知识。 |
| ● |
| 相关链接 |
|
|
|
正题名:无师自通学Windows XP
索取号:TP316.7/45
 
预约/预借
| 序号 | 登录号 | 条形码 | 馆藏地/架位号 | 状态 | 备注 |
| 1 | 773218 | 2000773218 | 中心书库中库/ 中库027架B面7列7层24/ [索取号:TP316.7/45] | 在馆 | |
| 2 | 773219 | 2000773219 | 中心书库中库/ 中库027架B面7列7层25/ [索取号:TP316.7/45] | 在馆 | |
| 3 | 773220 | 2000773220 | 中心书库中库/ 中库027架B面7列7层27/ [索取号:TP316.7/45] | 在馆 | |
| 4 | 773221 | 2000773221 | 中心书库中库/ 中库027架B面7列7层19/ [索取号:TP316.7/45] | 在馆 | |
| 5 | 773222 | 2000773222 | 中心书库中库/ 中库027架B面7列7层28/ [索取号:TP316.7/45] | 在馆 | |
| 6 | 773223 | 2000773223 | 中心书库中库/ 中库027架B面7列7层22/ [索取号:TP316.7/45] | 在馆 | |
| 7 | 773224 | 2000773224 | 中心书库中库/ 中库027架B面7列7层26/ [索取号:TP316.7/45] | 在馆 | |
| 8 | 773225 | 2000773225 | 中心书库中库/ 中库027架B面7列7层21/ [索取号:TP316.7/45] | 在馆 | |
| 9 | 773226 | 2000773226 | 中心书库中库/ 中库027架B面7列7层20/ [索取号:TP316.7/45] | 在馆 | |
| 10 | 773227 | 2000773227 | 中心书库中库/ 中库027架B面7列7层23/ [索取号:TP316.7/45] | 在馆 |